कुष्ठ और सामाजिक चेतना / (Record no. 119077)

MARC details
000 -LEADER
fixed length control field 01136nam a22002657a 4500
005 - DATE AND TIME OF LATEST TRANSACTION
control field 20170124103126.0
010 ## - LIBRARY OF CONGRESS CONTROL NUMBER
LC control number A-760868
020 ## - INTERNATIONAL STANDARD BOOK NUMBER
Terms of availability 120.00
035 ## - SYSTEM CONTROL NUMBER
System control number A-760868
037 ## - SOURCE OF ACQUISITION
Source of stock number/acquisition Cen Lib/Ret
040 ## - CATALOGING SOURCE
Original cataloging agency DPL
Language of cataloging HN
082 ## - DEWEY DECIMAL CLASSIFICATION NUMBER
Classification number 362.196998
Item number अग्रवा
100 ## - MAIN ENTRY--PERSONAL NAME
Personal name अग्रवाल, महावीर
9 (RLIN) 83239
245 ## - TITLE STATEMENT
Title कुष्ठ और सामाजिक चेतना /
Statement of responsibility, etc महावीर अग्रवाल
246 ## - VARYING FORM OF TITLE
Title proper/short title Kusth aur samajik chetana /
Remainder of title by Mahavir Agrawal
260 ## - PUBLICATION, DISTRIBUTION, ETC. (IMPRINT)
Place of publication, distribution, etc कसरिडीह-दुर्ग
Name of publisher, distributor, etc श्री प्रकाशन
Date of publication, distribution, etc 1995
270 ## - ADDRESS
Address एच.24/7 सिविल लाइन
City कसरिडीह-दुर्ग
Postal code 491001
300 ## - PHYSICAL DESCRIPTION
Extent 154पृ.
Dimensions 20सेमी(सजिल्द)
500 ## - GENERAL NOTE
General note अनुक्रमणिका शामिल
650 ## - SUBJECT ADDED ENTRY--TOPICAL TERM
Topical term or geographic name as entry element कुष्ठ रोग--बदलते आयाम
9 (RLIN) 83240
650 ## - SUBJECT ADDED ENTRY--TOPICAL TERM
Topical term or geographic name as entry element कुष्ठ रोग
9 (RLIN) 83241
650 ## - SUBJECT ADDED ENTRY--TOPICAL TERM
Topical term or geographic name as entry element Leprosy--Changing Dimensions
9 (RLIN) 83242
650 ## - SUBJECT ADDED ENTRY--TOPICAL TERM
Topical term or geographic name as entry element Leprosy
9 (RLIN) 34107
942 ## - ADDED ENTRY ELEMENTS (KOHA)
Source of classification or shelving scheme Dewey Decimal Classification
Koha item type Hindi Books
Classification part 362.196998
Call number suffix अग्रवा
Holdings
Withdrawn status Lost status Damaged status Not for loan Home library Current library Date acquired Source of acquisition Cost, normal purchase price Total Checkouts Full call number Barcode Date last seen Copy number Cost, replacement price Price effective from Koha item type
        Central Library Central Library 15/09/2015 Cen Lib/Ret 120.00   362.196998 अग्रवा A-760868 15/09/2015 1 120.00 15/09/2015 Hindi Books

© Delhi Public Library
Hit Counter
free hit counter